000 01598cam a22003254a 4500
001 12857452
003 OSt
005 20170323192354.0
008 020715s2002 njua b 001 0 eng
010 _a 2002011151
020 _a047120241X
035 _a(DNLM)101149839
040 _aDNLM/DLC
_cDLC
_dDLC
042 _apcc
050 0 0 _aRS403
_b.C665 2002
060 1 0 _aQC 311
_bC752t 2003
082 0 0 _aQV 778 C762t 2002
_221
100 1 _aConnors, Kenneth A.
_d1932-
_91650
245 1 0 _aThermodynamics of Pharmaceutical Systems:
_ban introduction for students of pharmacy
260 _aNew Jersey;
_bWiley-Interscience,
_cc2002.
300 _axii, 344 p. :
_bill. ;
_c23 cm.
504 _aIncludes bibliographical references and index.
505 0 _aEnergy and the first law of thermodynamics -- Fundamental concepts -- The first law of thermodynamics -- The enthalpy -- The entropy concept -- The entropy defined -- The second law of thermodynamics -- Applications of the entropy concept -- The free energy -- Properties of the free energy -- The chemical potential equilibrium -- Conditions for equilibrium -- Physical processes -- Chemical equilibrium -- Introduction to physical processes -- Scope -- Concentration scales -- Standard states.
650 0 _aPharmaceuticals
_9283
650 0 _aThermodynamics.
_91651
856 4 2 _3Publisher description
_uhttp://www.loc.gov/catdir/description/wiley037/2002011151.html
856 4 1 _3Table of contents
_uhttp://www.loc.gov/catdir/toc/wiley031/2002011151.html
906 _a7
_bcbc
_corignew
_d1
_eecip
_f20
_gy-gencatlg
942 _2z
_cSLOAN
999 _c630
_d630